Statistics for World Cup best all-time footballers by country pt.1

Click here to take the quiz!

General Stats

  • This quiz has been taken 102 times
  • The average score is 5 of 15

Answer Stats

HintAnswer% Correct
ArgentinaLionel Messi
99%
BrazilPele
75%
CroatiaLuka Modric
74%
CameroonSamuel Eto'o
63%
FranceZinedine Zidane
52%
BelgiumEden Hazard
49%
CanadaAlphonso Davies
45%
EnglandWayne Rooney
44%
GhanaAbedi Pele
4%
EcuadorAntonio Valencia
1%
GermanyFranz Beckenbauer
1%
DenmarkPeter Schmeichel
1%
AustraliaMark Schwarzer
0%
Costa RicaPaulo Wanchope
0%
AustriaToni Polster
0%

Score Distribution

Percentile by Number Answered

Percent of People with Each Score

Your Score History

You have not taken this quiz